| 000 | 01201cam a2200241 a 4500 | ||
|---|---|---|---|
| 008 | |||
| 020 | _a0131448390 (hbk.) | ||
| 049 | _aMAIN | ||
| 090 |
_aQD33.2 _bCOR |
||
| 100 | 1 | _aCorwin, Charles H. | |
| 245 | 1 | 0 |
_aIntroductory chemistry : _bconcepts & connections / _cCharles H. Corwin ; instructor edition annotations by Leslie Hersh. |
| 250 | _a4th ed. | ||
| 260 |
_aUpper Saddle River, N.J. : _bPearson Prentice Hall, _cc2005. |
||
| 300 |
_axxii, 631 p. : _bill. (chiefly col.) ; _c29 cm. |
||
| 500 | _aIncludes index. | ||
| 505 | 0 | _aIntroduction to chemistry -- Scientific measurements -- The metric system -- Matter and energy -- Models of the atom -- The periodic table -- Language of chemistry -- Chemical reactions -- The mole concept -- Stoichiometry -- The gaseous state -- Chemical bonding -- Liquids and solids -- Solutions -- Acids and bases -- Chemical equilibrium -- Oxidation and reduction -- Nuclear chemistry -- Organic chemistry -- Biochemistry -- Appendices. | |
| 650 | 0 |
_aChemistry _vTextbooks. |
|
| 907 |
_a.b10343775 _b25-06-14 _c25-06-14 |
||
| 003 | |||
| 005 | 20230123122056.0 | ||
| 040 | _cNUST | ||
| 942 |
_cBOOKS _kQD33.2 _mCOR |
||
| 999 |
_c127375 _d127375 |
||